| 000 | 06571 a2200493 4500 | ||
|---|---|---|---|
| 003 | Nust | ||
| 005 | 20170207164425.0 | ||
| 020 | _a9780123854780 | ||
| 020 | _a9780123854780 | ||
| 035 | _a(AU-PeEL)EBL685391 | ||
| 035 | _a(EBZ)ebs969566e | ||
| 035 | _a(EBZ)ebs969566e | ||
| 035 | _a(OCoLC)719321898 | ||
| 035 | _a(WaSeSS)ssj0000521933 | ||
| 035 | _a(WaSeSS)ssj0000521933 | ||
| 040 | _cNust | ||
| 082 | 0 | 0 | _a621.39/16 |
| 100 | 1 | _aYiu, Joseph. | |
| 245 | 1 | 4 |
_aThe Definitive Guide to the ARM Cortex M0(E BOOK) _h[Elektronisk resurs]. |
| 260 |
_aBurlington : _bElsevier, _c2011. |
||
| 300 | _a1 online resource (553 p.) | ||
| 500 | _aDescription based upon print version of record. | ||
| 505 | 0 | _aAdvantages of the Cortex-M0 ProcessorLow-Power Applications; Cortex-M0 Software Portability; Chapter 3 Architecture; Overview; Programmer's Model; Memory System Overview; Stack Memory Operations; Exceptions and Interrupts; Nested Vectored Interrupt Controller (NVIC); System Control Block (SCB); Program Image and Startup Sequence; Chapter 4 Introduction to Cortex-M0 Programming; Introduction to Embedded System Programming; Inputs and Outputs; Development Flow; C Programming and Assembly Programming; What Is in a Program Image?; C Programming: Data Types; Accessing Peripherals in C | |
| 505 | 0 | _aChapter 10 Operating System Support FeaturesOverview of the OS Support Features; The SysTick Timer; SysTick Registers; Process Stack and Process Stack Pointer; SVC; PendSV; Chapter 11 Low-Power Features; Low-Power Embedded System Overview; Low-Power Advantages of the Cortex-M0 Processor; Overview of the Low-Power Features; Sleep Modes; Wait-for-Event (WFE) and Wait-for-Interrupt (WFI); Sleep-on-Exit Feature; Wakeup Interrupt Controller; Chapter 12 Fault Handling; Fault Exception Overview; Analyze a Fault; Accidental Switching to ARM State; Error Handling in Real Applications; Lockup | |
| 505 | 0 | _aCortex Microcontroller Software Interface Standard (CMSIS)Benefits of CMSIS; Chapter 5 Instruction Set; Background of ARM and Thumb Instruction Set; Assembly Basics; Pseudo Instructions; Chapter 6 Instruction Usage Examples; Overview; Program Control; Data Accesses; Data Type Conversion; Data Processing; Chapter 7 Memory System; Overview; Memory Map; Program Memory, Boot Loader, and Memory Remapping; Data Memory; Little Endian and Big Endian Support; Memory Attributes; Chapter 8 Exceptions and Interrupts; What Are Exceptions and Interrupts?; Exception Types on the Cortex-M0 Processor | |
| 505 | 0 | _aException Priority DefinitionVector Table; Exception Sequence Overview; EXC_RETURN; Details of Exception Entry Sequence; Details of Exception Exit Sequence; Chapter 9 Interrupt Control and System Control; Overview of the NVIC and System Control Block Features; Interrupt Enable and Clear Enable; Interrupt Pending and Clear Pending; Interrupt Priority Level; Generic Assembly Code for Interrupt Control; Exception Masking Register (PRIMASK); Interrupt Inputs and Pending Behavior; Interrupt Latency; Control Registers for System Exceptions; System Control Registers | |
| 505 | 0 | _aFront Cover; The Definitive Guide to the ARM Cortex-M0; Copyright; Contents; Foreword; Preface; Acknowledgments; Conventions; Terms and Abbreviations; Chapter 1 Introduction; Why Cortex-M0?; Application of the Cortex-M0 Processors; Background of ARM and ARM processors; Cortex-M0 Processor Specification and ARM Architecture; ARM Processors and the ARM Ecosystem; Getting Started with the Cortex-M0 Processor; Organization of This Book and Resources; Chapter 2 Cortex-M0 Technical Overview; General Information on the Cortex-M0 Processor; The ARM Cortex-M0 Processor Features | |
| 505 | 0 | _aPreventing Lockup | |
| 520 | _a * Provides engineers with a thorough understanding of how the architecture works by giving detailed information on the processor architecture, including programmer's model instruction set and interrupt handling * Many examples of programming the Cortex-M0, in both C language and assembly language, gives engineers the 'up-and-running' they are looking for, quickly * Information on the software development flow including examples from various development tools for optimum efficiency * Information regarding software porting from other processor architectures including other ARM processors | ||
| 650 | 4 | _aEmbedded computer systems. | |
| 650 | 4 | _aMicroprocessors. | |
| 655 | 0 | _aElectronic books. | |
| 856 | 4 | 0 | _uhttp://ezproxy.its.uu.se/login?url=http://app.knovel.com/web/toc.v/cid:kpDGARMCM1 |
| 856 | 4 | 0 | _uhttp://link.sub.su.se/sfxsub?url_ver=Z39.88-2004&ctx_ver=Z39.88-2004&ctx_enc=info:ofi/enc:UTF-8&rfr_id=info:sid/sfxit.com:opac_856&url_ctx_fmt=info:ofi/fmt:kev:mtx:ctx&sfx.ignore_date_threshold=1&rft.object_id=2560000000072773&svc_val_fmt=info:ofi/fmt:kev:mtx:sch_svc& |
| 856 | 4 | 0 | _uhttp://proxy.lib.chalmers.se/login?url=http://app.knovel.com/web/toc.v/cid:kpDGARMCM1 |
| 856 | 4 | 0 | _uhttp://proxy.lib.chalmers.se/login?url=http://library.books24x7.com/library.asp?^B&bookid=41886 |
| 856 | 4 | 0 | _uhttp://proxy.lib.chalmers.se/login?url=http://www.sciencedirect.com/science/book/9780123854773 |
| 856 | 4 | 0 | _uhttp://proxy.lib.ltu.se/login?url=http://www.engineeringvillage.com/controller/servlet/Controller |
| 856 | 4 | 0 | _uhttp://sfxeu05.hosted.exlibrisgroup.com/46LUB?url_ver=Z39.88-2004&ctx_ver=Z39.88-2004&ctx_enc=info:ofi/enc:UTF-8&rfr_id=info:sid/sfxit.com:opac_856&url_ctx_fmt=info:ofi/fmt:kev:mtx:ctx&sfx.ignore_date_threshold=1&rft.object_id=2560000000072773&svc_val_fmt=info:ofi/fmt:kev:mtx:sch_svc& |
| 856 | 4 | 0 | _uhttp://sfxeu10.hosted.exlibrisgroup.com/sfxjon/?url_ver=Z39.88-2004&ctx_ver=Z39.88-2004&ctx_enc=info:ofi/enc:UTF-8&rfr_id=info:sid/sfxit.com:opac_856&url_ctx_fmt=info:ofi/fmt:kev:mtx:ctx&sfx.ignore_date_threshold=1&rft.object_id=2560000000072773&svc_val_fmt=info:ofi/fmt:kev:mtx:sch_svc& |
| 856 | 4 | 0 | _uhttp://sfxeu10.hosted.exlibrisgroup.com/sfxkth?url_ver=Z39.88-2004&ctx_ver=Z39.88-2004&ctx_enc=info:ofi/enc:UTF-8&rfr_id=info:sid/sfxit.com:opac_856&url_ctx_fmt=info:ofi/fmt:kev:mtx:ctx&sfx.ignore_date_threshold=1&rft.object_id=2560000000072773&svc_val_fmt=info:ofi/fmt:kev:mtx:sch_svc& |
| 856 | 4 | 0 | _uhttp://sfxeu11.hosted.exlibrisgroup.com/sfxmiu/?url_ver=Z39.88-2004&ctx_ver=Z39.88-2004&ctx_enc=info:ofi/enc:UTF-8&rfr_id=info:sid/sfxit.com:opac_856&url_ctx_fmt=info:ofi/fmt:kev:mtx:ctx&sfx.ignore_date_threshold=1&rft.object_id=2560000000072773&svc_val_fmt=info:ofi/fmt:kev:mtx:sch_svc& |
| 856 | 4 | 0 | _uhttps://lt.ltag.bibl.liu.se/login?url=http://www.books24x7.com/marc.asp?bookid=41886 |
| 942 |
_2ddc _cBK |
||
| 999 |
_c208950 _d208950 |
||